000 00904nam a22002297a 4500
003 St Aloysius Coll
005 20260223135222.0
008 260221b |||||||| |||| 00| 0 eng d
020 _a9781526615695
040 _cAL
041 _aEnglish
082 _bGAIC
_a823.92
100 _aNeil Gaiman
_9256384
245 _aCinnamon
260 _aLondon
_bBloomsbury
_c2017
300 _cPB
_a27.6x21.5cm
365 _2General
_a6073
_b₹319.00
_c
_d₹399.00
_e20%
_f17/02/2026
520 _aA long time ago, there lived a princess named Cinnamon. Cinnamon had pearls for eyes. Cinnamon did not talk. Her father and mother offered many riches to anyone who could get Cinnamon to speak. One day a tiger came to the palace, armed with knowledge of the world, and everything changed.
650 _2Literature
_aEnglish Literature
_9256445
700 _aSrinivasan, Divya
_9256385
942 _2ddc
_cBK
999 _c240942
_d240942